Ultimate German Quiz - Statistics

General Stats
  • This quiz has been taken 15 times
    4 since last reset
  • The average score is 131 of 200
Answer Stats
English German % Correct
Numbers eight acht
100%
10 Basic phrases goodbye auf wiedersehen
100%
Transportation/Travel car auto
100%
Food/Drink beer bier
100%
10 Basic phrases please bitte
100%
10 Basic phrases thank you danke
100%
Nationalities German Deutsch
100%
Months december dezember
100%
Days of the week tuesday dienstag
100%
Numbers three drei
100%
Subject Pronouns you (informal) du
100%
Food/Drink egg ei
100%
Numbers one eins
100%
Months february februar
100%
Days of the week friday freitag
100%
Numbers five fünf
100%
Adjectives good gut
100%
Subject Pronouns I ich
100%
10 Basic phrases yes ja
100%
Months january januar
100%
Months july juli
100%
Months june juni
100%
Adjectives small klein
100%
Months may mai
100%
Days of the week monday montag
100%
Family Members mother mutter
100%
10 Basic phrases no nein
100%
Adjectives new neu
100%
Numbers nine neun
100%
Numbers six sechs
100%
Common Verbs to see sehen
100%
Subject Pronouns she | they | you (formal) sie
100%
Numbers seven sieben
100%
Around a City street straße
100%
Question Words what was
100%
Question Words how wie
100%
Numbers eighty achtzig
75%
Adjectives old alt
75%
Fruits and Vegetables apple apfel
75%
Months april april
75%
Months august august
75%
Colors blue blau
75%
Transportation/Travel boat boot
75%
Food/Drink bread brot
75%
Days of the week thursday donnerstag
75%
Numbers thirty dreißig
75%
Adjectives easy einfach
75%
Numbers one hundred einhundert
75%
Numbers one thousand eintausend
75%
Nationalities English Englisch
75%
10 Basic phrases excuse me entschuldigung
75%
Subject Pronouns he er
75%
Household Items window fenster
75%
Nationalities French Französisch
75%
Numbers fifty fünfzig
75%
Common Verbs to go gehen
75%
Adjectives happy glücklich
75%
Adjectives big groß
75%
10 Basic phrases good evening guten abend
75%
Common Verbs to have haben
75%
10 Basic phrases hello hallo
75%
Animals dog hund
75%
Food/Drink coffee kaffee
75%
Weather cold kalt
75%
Animals cat katze
75%
Common Verbs to come kommen
75%
Around a City hospital krankenhaus
75%
Animals cow kuh
75%
Months march märz
75%
Animals mouse maus
75%
Food/Drink milk milch
75%
Days of the week wednesday mittwoch
75%
Numbers ninety neunzig
75%
Months november november
75%
Months october oktober
75%
Animals horse pferd
75%
Colors red rot
75%
Common Verbs to say sagen
75%
Days of the week saturday samstag
75%
Adjectives bad schlecht
75%
Weather snow schnee
75%
Around a City school schule
75%
Animals pig schwein
75%
Family Members sister schwester
75%
Numbers sixty sechzig
75%
Months september september
75%
Numbers seventy siebzig
75%
Weather sun sonne
75%
Days of the week sunday sonntag
75%
Nationalities Spanish Spanisch
75%
Common Verbs to speak sprechen
75%
Household Items chair stuhl
75%
Adjectives expensive teuer
75%
Family Members father vater
75%
Numbers four vier
75%
Numbers fourty vierzig
75%
Question Words when wann
75%
Question Words why warum
75%
Food/Drink water wasser
75%
Food/Drink wine wein
75%
Question Words which welche
75%
Question Words who wer
75%
Subject Pronouns we wir
75%
Common Verbs to know wissen
75%
Question Words where wo
75%
Numbers ten zehn
75%
Numbers twenty zwanzig
75%
Numbers two zwei
75%
Body Parts arm arm
50%
Body Parts eye auge
50%
Household Items bathroom badezimmer
50%
Household Items bed bett
50%
Household Items pencil bleistift
50%
Colors brown braun
50%
Around a City bridge brücke
50%
Family Members brother bruder
50%
Nationalities Chinese Chinesisch
50%
Fruits and Vegetables strawberry erdbeere
50%
Transportation/Travel bicycle fahrrad
50%
Food/Drink fish fisch
50%
Transportation/Travel plane flugzeug
50%
Seasons spring frühling
50%
Body Parts foot fuß
50%
Colors yellow gelb
50%
Colors grey grau
50%
Colors green grün
50%
Body Parts hair haare
50%
Body Parts hand hand
50%
Weather hot heiß
50%
Seasons fall herbst
50%
Body Parts heart herz
50%
Food/Drink chicken huhn
50%
Subject Pronouns you all (informal) ihr
50%
Nationalities Indian Indisch
50%
Nationalities Italian Italienisch
50%
Nationalities Japanese Japanisch
50%
Fruits and Vegetables carrot karotte
50%
Fruits and Vegetables potato kartoffel
50%
Food/Drink cheese käse
50%
Adjectives smart klug
50%
Common Verbs can/to be able to können
50%
Household Items kitchen küche
50%
Food/Drink cake kuchen
50%
Colors purple lila
50%
Nationalities Mexican Mexikanisch
50%
Adjectives tired müde
50%
Common Verbs to take nehmen
50%
Body Parts ear ohr
50%
Family Members grandmother oma
50%
Family Members uncle onkel
50%
Family Members grandfather opa
50%
Colors orange orange
50%
Around a City square/plaza platz
50%
Weather rain regen
50%
Transportation/Travel trip/travel reise
50%
Colors pink rosa
50%
Nationalities Russian Russisch
50%
Household Items bedroom schlafzimmer
50%
Household Items cupboard schrank
50%
Colors black schwarz
50%
Adjectives difficult schwierig
50%
Common Verbs to be sein
50%
Family Members son sohn
50%
Seasons summer sommer
50%
Around a City city center stadtzentrum
50%
Family Members aunt tante
50%
Family Members daughter tochter
50%
Fruits and Vegetables tomato tomate
50%
Adjectives sad traurig
50%
Animals bird vogel
50%
Colors white weiß
50%
Question Words how many wie viele
50%
Weather wind wind
50%
Seasons winter winter
50%
Weather cloud wolke
50%
Common Verbs to want wollen
50%
Fruits and Vegetables lemon zitrone
50%
Food/Drink sugar zucker
50%
Transportation/Travel station bahnhof
25%
Body Parts leg bein
25%
Transportation/Travel ticket fahrkarte
25%
10 Basic phrases you're welcome gern geschehen
25%
Around a City store/shop geschäft
25%
Animals rabbit kaninchen
25%
Transportation/Travel suitcase koffer
25%
Body Parts mouth mund
25%
Body Parts nose nase
25%
Household Items mirror spiegel
25%
Weather storm sturm
25%
Household Items carpet teppich
25%
Common Verbs to do tun
25%
Transportation/Travel subway U-Bahn
25%
Fruits and Vegetables pear birne
0%
Around a City shopping mall einkaufszentrum
0%
Around a City neighborhood Nachbarschaft
0%
Fruits and Vegetables peach pfirsich
0%
Around a City city hall rathaus
0%
10 Basic phrases how are you? wie geht est ihnen
0%
No matching quizzes found
Score Distribution
Percent of People with Each Score
Percentile by Number Answered
Your Score History
You have not taken this quiz since the last reset